[Event "Gashimov Memorial"]
[Site "Shamkir"]
[Date "2015.04.21"]
[Round "5"]
[White "Carlsen, Magnus"]
[Black "Vachier Lagrave, Maxime"]
[Result "1-0"]
[WhiteElo "2863"]
[BlackElo "2765"]
[Annotator "Gormally,D"]
[PlyCount "107"]
[EventDate "2015.04.17"]
[EventType "tourn"]
[EventRounds "9"]
[EventCountry "AZE"]
[EventCategory "21"]
[SourceTitle "CBM 166"]
[Source "ChessBase"]
[SourceDate "2015.05.11"]

1. Nf3 Nf6 2. g3 b5 3. Bg2 Bb7 4. Na3 a6 ({I'm not entirely sure what's wrong
with} 4... b4 5. Nc4 Nc6 {perhaps} ({Or} 5... a5 {when Black will gain a tempo
on the knight with ...d5 later}) 6. Nd4 d5 7. Nxc6 Bxc6 8. Na5 {gives White
some kind of strategic edge.}) 5. c4 b4 6. Nc2 e6 ({Black can also play the
immediate} 6... c5 {which should at least avoid the strategic grip that Black
suffers in the game.} 7. O-O e6 8. d4 cxd4 9. Ncxd4 Be7 10. b3 O-O 11. Bb2 d6
12. Qd2 Qb6 13. a3 $1 bxa3 14. Bxa3 {Efimenko,Z (2648)-Moiseenko,A (2707)
Dubai 2014, and White was better. I always think these lines where Black has
already set the pawn structure on the queenside are better for White, because
Black seems to have less dynamism in his position.}) 7. d4 a5 ({Strangely
enough there have already been many games played from this position. This came
as a surprise to me and shows in a way how bad my theory is as I've never even
seen this line before.} 7... c5 8. d5 $1 {A typical thrust in the Queen's
Indian} exd5 9. Nh4 g6 10. Ne3 Bg7 11. Nxd5 Nxd5 12. Bxd5 Nc6 13. Ng2 O-O 14.
Nf4 {Lenderman,A (2561)-Abdumalik,Z (2344) Caleta 2014, when White had a
strategic advantage.}) (7... Be4 {might be the most solid approach.} 8. O-O Be7
9. Bg5 a5 10. Ne5 Bxg2 11. Kxg2 O-O 12. Qd3 d6 13. Qf3 Ra7 14. Nd3 {Vaganian,R
(2568)-Stark,L (2432) Germany 2010 also gave some advantage for White. Looking
through these games and also the results, you wonder if the whole line is just
bad for Black.}) 8. O-O Be7 ({This was Black's last chance for the limiting} 
8... Be4 {perhaps in view of what happened in the game, he should have taken it
}) 9. d5 $1 {Now I think White is clearly better as it's not easy for Black to
create anything in the centre.} Na6 (9... exd5 10. Nfd4 c6 11. cxd5 Nxd5 12.
Nf5 {looks like a very pleasant version of a pawn sacrifice line that often
occurs in the Queen's Indian} O-O 13. e4 $36) 10. Nfd4 Nc5 11. Re1 O-O 12. e4
e5 13. Nf5 $16 {Already White has a clear strategic advantage. The black
bishop on b7 bites on granite while by contrast White is very well placed to
build up a quick attack on the kingside. The "Kasparov" knight on f5 in
particular casts a spell on the position. I think what we now see in this game
and also other games in Shamkir is why Carlsen could now be called "The
Pitbull" What he demonstrated in this tournament and has been doing for a
number of years is that when he gains an advantage it's incredibly hard to
shake his grip, rather like a pitbull. It was quite scary to see in this game
that Maxime lost without making an easily identifiable mistake. Perhaps he
just played a slightly dubious opening. But that's enough. Kramnik make a
slight tactical error against Magnus in their game just out of the opening and
that was enough to ensure a loss. It's a quite frightening level. Watching the
world snooker championships this year, I watched a frame where Chinese player
Ding played a slightly poor break-off shot against Judd Trump and never got
another shot, as Trump potted a long red and then cleared all the balls
without any effort. I think it's fair to say it's similar in chess now, that
one slight mistake can be enough to cost you the game, or at least to make
life very difficult.} d6 14. Bg5 $1 {Straightforward and effective. White
"freezes" the knight on f6.} (14. Qf3 Nfd7 $1) 14... Nxd5 $6 {Allowing White a
tactical possibility.} ({I would have played} 14... h6 {because it's a
reaction move to Bg5, and I like reaction moves. I tend to follow just what my
opponent does.} 15. Bh4 $5 (15. Bxh6 $2 gxh6 16. Qd2 Bc8 $1) (15. Be3 $5 {
can be met by} Bc8 $1 (15... Nfxe4 $2 16. Bxe4 Nxe4 17. Qg4 Ng5 18. h4 h5 19.
Nxe7+ $18) 16. Qf3 $2 Ncxe4) (15. Bd2 $5 Nd3 $1 16. Bxh6 Nxe1 17. Bxg7 Bc8 (
17... Nxc2 $1 18. Qxc2 Bc8 $19) 18. Nce3 Nxg2 19. Kxg2 {although this is hard
to believe after} Re8) 15... Kh7 16. f4 Ng8 17. Nxe7 Nxe7 18. Ne3 {I must
confess also doesn't look a barrel of laughs for Black, but it might be hard
to crack his position after} f6) 15. Bh6 $1 {Magnus rarely misses a chance
like this. I think it was Anish Giri who half-jokingly suggested at Wijk Aan
Zee that Magnus was just a trickster. Still it's easy to underestimate with
all these top guys just how good they are at little tactical tricks and
trapping their opponents.} gxh6 16. Qg4+ Bg5 17. cxd5 Kh8 18. h4 Bf6 {Black is
a pawn up, but that's the end of the good news. His pawn structure is a mess,
his king remains unsafe in the long term while White enjoys a strategic
strangehold on the light squares on the kingside.} 19. Nce3 Bc8 20. Qf3 Bg7 21.
Bh3 Rg8 22. Bg4 Qf6 23. Bh5 Bxf5 {Not a move you would ever want to play, but
White had the threat of Ng4.} 24. Nxf5 c6 25. dxc6 Rac8 26. Qd1 $1 Rxc6 27. Qd5
Rgc8 28. Rad1 Bf8 29. Qxf7 (29. Bxf7 $1 {was also strong - Black's position is
in general something of a disaster and perhaps White could have finished him
off much sooner- but if you were Magnus Carlsen wouldn't you be tempted to go
into an ending?} Na4 30. Rd2 Rc2 31. Ree2 $16) 29... Qxf7 30. Bxf7 Na4 31. Re2
Rc1 32. Rxc1 Rxc1+ 33. Kg2 Nc5 34. b3 Rc3 35. Kh3 Nd7 36. Be6 Nc5 37. Bd5 Nd7
38. Ne3 Nf6 39. Be6 Rc5 40. Nc4 Kg7 {This is a gruesome ending to defend for
Black, obviously. Carlsen already has a more than formidable reputation as one
of the best endgame players in history, and even equal positions are extremely
hard to hold against him, but a position like this where Black is effectively
dominated is really bad news.} 41. f3 Ne8 42. Rd2 Nc7 43. Bg4 a4 44. Nxd6 Bxd6
45. Rxd6 a3 46. Bd7 $1 {I doubt I would even see this move, which dominates
the knight on c7 (which is probably why I'm not 2870.)} ({I would have just
carried on with} 46. Rd7+ Kf6 (46... Kg8 47. f4 $1 {and I don't see a decent
move for Black, maybe he can punt} Nb5 48. Be6+ Kf8 49. f5 Rc6 {but} 50. Rf7+
Ke8 51. Rxh7 {looks decisive}) 47. Rxh7 {presumably Magnus was concerned about
possible counterplay for Black if he is ever to capture the white a-pawn.} Rc2
48. Rxh6+ Ke7 49. Rb6 Rxa2 50. Rxb4 {seems to be winning but Black retains
some hopes while the a-pawn remains alive.}) 46... Rc2 47. Bc6 ({Certainly not
the hasty} 47. Rc6 $2 Rxc6 48. Bxc6 Ne6 49. Bd5 Nd4 $1 {which could get
embarrassing.}) 47... Rxa2 ({Perhaps the last hope was} 47... Na6 {keeping as
much material on the board as possible. however the accurate} 48. Bd5 $1 {
wins easily;} Nc5 ({The desperate} 48... Nc7 {seems to fail;} 49. Bc4 ({
The immediate} 49. Rd7+ Kf6 50. Bc4 {is also good enough} Rxc4 51. bxc4 b3 52.
axb3 (52. Rxc7 $4 bxa2) 52... a2 53. Rd1 Na6 54. Ra1 Nb4 55. Kg4 $18) 49... Ne8
50. Rd7+ Kf6 51. Rf7+ Kg6 52. h5+ $1 Kxh5 53. Rf5+ Kg6 54. Bf7+ Kg7 55. Bxe8
Rxa2 56. Rf7+ Kg8 57. Rb7 $18) 49. Rc6 {should also soon force resignation.})
48. Rd7+ Kf6 49. Rxc7 Rc2 50. Rxh7 Kg6 51. Rc7 Kf6 52. h5 Rc1 (52... a2 53. Ra7
Rxc6 54. Rxa2 Rc3 (54... Kg5 55. Ra5 $1) 55. Kg4 Rxb3 56. Ra6+ Kg7 57. Rb6 {
is a fairly trivial win.}) 53. Rh7 a2 54. Bd5 1-0

[Event "Gashimov Memorial"]
[Site "Shamkir"]
[Date "2015.04.19"]
[Round "3"]
[White "Caruana, Fabiano"]
[Black "Carlsen, Magnus"]
[Result "0-1"]
[WhiteElo "2802"]
[BlackElo "2863"]
[Annotator "Stohl,I"]
[PlyCount "104"]
[EventDate "2015.04.17"]
[EventType "tourn"]
[EventRounds "9"]
[EventCountry "AZE"]
[EventCategory "21"]
[SourceTitle "CBM 166"]
[Source "ChessBase"]
[SourceDate "2015.05.11"]

{Caruana had reasonable results against the World Champion in the last 2 years,
but in 2015 the tide started to change. Despite having Black, Carlsen won a
nice attacking game in Wijk (see CBM 165) and easily drew in Baden.} 1. d4 {
Fabiano avoids the Sicilian, or Berlin...} f5 $5 {Magnus is in a fighting
mood! However, this could have hardly surprised Caruana, as his opponent has
already played the Dutch more than once this year.} 2. g3 Nf6 3. Bg2 e6 4. c4
c6 {Still following his win against Anand in Baden. The flexible text move
waits for White to declare his intentions with the Ng1 before committing the
Pd7.} ({After the immediate} 4... d5 {White scored well with the} 5. Nh3 $5 {
system, an impressive example was} c6 6. O-O Bd6 7. Qc2 O-O 8. Nd2 Bd7 9. Nf3
Be8 10. Bf4 h6 11. Qb3 b6 12. Rfc1 Be7 13. cxd5 Nxd5 14. Bd2 g5 15. Ne5 a5 16.
e4 fxe4 17. Bxe4 Ra7 18. f4 gxf4 19. Kh1 Bf6 20. Nxf4 $16 {Anand,V (2769)
-Nikolic,P (2659) Wijk aan Zee 2000 See the notes to this game by Tyomkin in
CBM 75.}) 5. Nf3 ({Now} 5. Nh3 {allows} d6 $5 {[%cal Ye6e5]} 6. Nc3 e5 (6...
Be7 7. e4 e5 $132) 7. dxe5 dxe5 8. Qxd8+ Kxd8 9. Ng5 Ke8 10. e4 Bd6 11. exf5
Bxf5 12. O-O h6 13. Rd1 Bc5 14. Nge4 Bxe4 15. Bxe4 Kf7 16. Bf5 Na6 17. Re1 g6
18. Bh3 Nb4 19. Re2 Rad8 20. Rb1 Bd4 21. Kg2 Nd3 22. Be3 b6 $11 {[%csl Gd3,Gd4]
Wojtaszek,R (2721)-Vaisser,A (2533) FRA-chT Mulhouse 2011}) 5... d5 {The
Stonewall leads to a complex strategic fight with almost no long forcing lines
- all in all an opening suiting Carlsen's style. Moreover it belonged to the
repertoire of his trainer Agdestein.} 6. O-O Bd6 7. b3 Qe7 8. Bb2 {Allows
Black to fianchetto his Bc8.} ({He was fine also after} 8. Ne5 O-O (8... b6 {
now runs into} 9. cxd5 cxd5 10. Nc4 $1 Nc6 11. Nxd6+ Qxd6 12. Ba3 Nb4 13. Nd2
$14) 9. Nd2 a5 10. Bb2 Nbd7 11. Qc2 a4 (11... Ne4 12. Ndf3 a4) 12. Ndf3 ({
Possibly critical is the greedy} 12. bxa4 Ne4 (12... Bxe5 13. dxe5 Ng4 14. Nf3
Nb6 15. cxd5 exd5 16. h3 Nh6 17. Nd4 Nc4 (17... f4 $5 $13) 18. f4 Ne3 19. Qb3
Nxf1 20. Ba3 Qd8 21. Bxf8 Nxg3 22. Bxg7 Nxe2+ 23. Nxe2 Kxg7 24. Nd4 Ng8 25. Re1
$36 {Visloguzov,V (2036)-Jardi Talarn,J (2054) email 2011}) 13. Nxe4 $1 (13.
Ndf3 Bxe5 (13... Qd8 14. Nd3 Qa5 15. Nf4 Bxf4 16. gxf4 Qxa4 17. Qxa4 Rxa4 18.
cxd5 exd5 19. e3 Nb6 20. Ne5 {Kiriakov,P (2555)-Moskalenko,V (2540) playchess.
com blitz 2006} Nc4 $15) 14. dxe5 (14. Nxe5 $142 $5) 14... Nb6 15. cxd5 exd5
16. Rab1 Nc4 17. Rfd1 Qb4 18. Nd4 Qxa4 $36 {Goganov,A (2550)-Sandipan,C (2590)
Moscow 2013}) 13... fxe4 14. f4 exf3 15. Nxf3 $14 {Roiz}) 12... Ne4 13. e3 a3
14. Bc3 Nxe5 15. Nxe5 Bd7 16. Nxd7 (16. Be1 $142 $1 $14) 16... Qxd7 17. c5 Bc7
18. b4 h5 19. Be1 e5 20. dxe5 Bxe5 21. Rd1 Qe6 $11 {Anand,V (2797)-Carlsen,M 
(2865) Baden-Baden 2015 For more details see the notes to this game by Roiz in
CBM 165.}) 8... b6 9. Ne5 Bb7 10. Nd2 ({White will later redirect his N to c3,
but here the immediate} 10. Nc3 {is not too effective due to} Nbd7 $11 {
forcing White to make a decision about his Ne5.}) 10... O-O 11. Rc1 ({My own
experience with this line was rather bleak, after} 11. e3 a5 12. Nd3 Na6 13. a3
Rac8 14. Qe2 Ne4 15. Rfc1 c5 16. dxc5 Naxc5 17. Nxc5 bxc5 18. Rd1 a4 19. bxa4
Ra8 20. f3 Nxd2 21. Qxd2 Rxa4 22. cxd5 exd5 23. f4 $11 {Stohl,I (2465)-Glek,I 
(2430) Tallinn 1986 White just barely managed to hold the balance (and lost
due to a miscalculation later on).}) 11... a5 12. e3 {The most usual move, but
it's not easy for White to get anything tangible from the opening.} (12. Nd3
Na6 13. Nf3 {avoids ideas with Bxe5; White intends to put the other N on e5,
but this manoeuvring costs time and Black gets counterplay after} Ne4 14. Nfe5
Rac8 (14... c5 15. f3 Nf6 16. cxd5 exd5 17. Re1 Nb4 18. a3 Nc6 19. e3 Nd8 20.
Bh3 g6 21. Nf4 Qe8 22. Ned3 Rc8 23. dxc5 bxc5 24. Qd2 a4 25. e4 $5 dxe4 26.
fxe4 Bxe4 27. b4 $36 {Martin Clemente,J (2638)-Timmerman,G (2694) email 2009})
15. e3 c5 16. dxc5 bxc5 17. Nf4 Nb4 18. a3 Bxe5 19. Bxe5 Nc6 {½ Avrukh,B 
(2425)-Gleizerov,E (2535) St Petersburg 1994} 20. Bb2 d4 $1 $132) (12. Nb1 Nbd7
(12... Ne4 13. f3 Nf6 14. Nc3 Nbd7 15. Nxd7 Nxd7 16. e4 dxc4 17. bxc4 e5 18.
exf5 exd4 19. Re1 Ne5 20. Ne4 Ba3 21. Bxa3 Qxa3 22. Qxd4 Nxf3+ 23. Bxf3 Qxf3
24. c5 $16 {Gordon,S (2556)-Djurhuus,R (2436) Oslo 2012}) 13. cxd5 cxd5 14. Nc4
b5 15. Nxd6 Qxd6 16. Nc3 Ba6 {[%csl Ga6,Rg2] Black's bad Ba6 is more effective,
than the "good"one on g2.} 17. Qd2 Rfc8 18. f3 b4 19. Nd1 a4 20. Ne3 a3 21.
Rxc8+ Rxc8 22. Bc1 f4 23. gxf4 Qxf4 $11 {()=/+, Tukmakov,V (2575)-Agdestein,S 
(2560) Dortmund 1987}) 12... Na6 13. Nb1 $146 {A novelty, but judging by the
time-consumption an over the board idea. The N heads for c3 and possibly for
a4 (or e2-f4).} ({Until now White mostly connected his rooks with} 13. Qe2 Ne4
(13... Nc7 14. Ndf3 Ne4 15. Rfd1 a4 16. Nd3 a3 17. Ba1 Na6 18. Nfe5 c5 19. f3
Nf6 20. Bh3 g6 21. Rd2 Rac8 22. Rdc2 Rc7 23. Rd1 Rfc8 24. Rcd2 cxd4 25. Bxd4
Nc5 26. Nxc5 Bxc5 27. Bg2 Ba6 28. Bf1 Nd7 29. Nxd7 Rxd7 30. Bxc5 Qxc5 31. Qf2
Rcd8 32. e4 d4 $132 {Hansen,O (2499)-Timmerman,G (2694) email 2009}) (13... a4
14. bxa4 Bxe5 15. dxe5 Nd7 16. a5 Nac5 17. Bc3 bxa5 18. Nb3 Nxb3 19. axb3 Nc5
20. Qc2 Ne4 21. Bb2 a4 22. bxa4 Ba6 23. f3 Ng5 24. cxd5 Bxf1 25. d6 $16 {
So,W (2656)-Reinderman,D (2573) Wijk aan Zee 2010}) (13... Bxe5 14. dxe5 Ne4
15. Rfd1 a4 $5 16. Nb1 Nb4 (16... axb3 17. axb3 Nac5 18. Qc2 Ra2 $132 {/\} 19.
f3 $6 Qg5 $1 20. fxe4 fxe4 $44) 17. Ba3 axb3 18. axb3 c5 19. f3 Ng5 20. h4 Nf7
21. Bxb4 cxb4 22. f4 dxc4 23. Bxb7 Qxb7 24. Rxc4 Rfd8 25. Rxd8+ Nxd8 {Alekseev,
E (2640)-Moiseenko,A (2662) Sochi 2006} 26. Rxb4 $14) 14. Rfd1 c5 15. Nb1 Nb4
16. f3 Nxa2 17. fxe4 Nxc1 18. Bxc1 fxe4 19. Nc3 Rad8 20. Nb5 cxd4 21. exd4 Bxe5
22. dxe5 dxc4 {Van Wely,L (2668)-Ulibin,M (2581) Moscow 2003} 23. Rxd8 Rxd8 24.
bxc4 Qc5+ 25. Be3 Qxe5 26. Bxb6 $13) 13... Bxe5 $5 {A very straightforward
solution.} ({Black can also redirect his N with} 13... Nb8 14. Nc3 Nbd7 {
Carlsen maybe didn't relish the possibility} 15. f4 $5 (15. Na4 b5 $11 {
is harmless}) 15... Rac8 $13 {with a complex double Stonewall.}) 14. dxe5 Ne4
15. Qe2 (15. cxd5 exd5 $5 16. Nc3 Nac5 $132) ({It was worth considering} 15.
Nc3 $5 {/\} Nac5 (15... Rac8 $142 $5) 16. Ba3 $14) 15... a4 $5 16. Nc3 $6 {
A mediocre reaction, after which already White will have to tread with care.} (
{The principled continuation was} 16. Ba3 $142 c5 17. f3 Ng5 18. cxd5 Bxd5 (
18... exd5 $5 19. bxa4 $13) 19. bxa4 (19. Nc3 Nc7 $13 {can transpose}) 19...
Nc7 20. e4 fxe4 21. fxe4 Rxf1+ 22. Rxf1 Bc6 23. h4 Nf7 24. Qb2 $13) (16. Rfd1 {
transposes to Alekseev-Moiseenko above.}) 16... axb3 (16... a3 $5 17. Ba1 Nb4
$13 {[%csl Ra1] /=/+ also deserves attention, but true to himself, Carlsen
chooses a simple technical solution.}) 17. axb3 Qb4 18. Nxe4 (18. cxd5 exd5 {
is also pleasant for Black.}) 18... dxe4 {Black continues in the spirit of his
16th move and chooses the simpler symmetrical recapture.} ({More complex is} 
18... fxe4 19. Bh3 (19. Bc3 $5 Qxb3 20. cxd5 exd5 21. Bh3 $44) 19... Rfe8 20.
f4 $1 $13 {[%cal Yf4f5]}) 19. Qc2 Nc5 20. Bc3 Qxb3 21. Qxb3 Nxb3 22. Rb1 Nc5
23. Rxb6 Na4 24. Rxb7 Nxc3 {[%csl Gc3,Rg2] A series of natural moves has led
to an endgame in which White must still solve the problem of his passive Bg2.
It would seem that this is simple enough, but in such technical positions
Carlsen is incomparable.} 25. Re7 {Voluntarily exchanges the R on the 7th rank.
} ({A more active way is} 25. f3 $5 {White intends to reanimate his bishop
either on the long diagonal, or by hitting Pe6 from h3 after a pawn swap on e4.
All this should be sufficient to hold the balance.}) 25... Rfe8 26. Rxe8+ Rxe8
27. Ra1 $6 (27. f3 $1 $132 {still seems preferable.}) 27... Rd8 28. Bf1 {
White must already change plans and start calculating.} (28. Ra6 $5 Ne2+ 29.
Kf1 Nc1 30. Kg1 Rd1+ (30... Rc8 31. Bf1 $132 {and Black's R is too passive})
31. Bf1 Nb3 32. Kg2 Nd2 33. Ra8+ Kf7 34. Ra7+ {/\} Kg6 35. Rd7 Rxf1 36. Rxd2
Rc1 37. Rd6 $11) (28. f3 Rd1+ $1 29. Rxd1 Nxd1 30. fxe4 Nxe3 $15 31. exf5 $2
Nxg2 32. Kxg2 exf5 33. Kf3 Kf7 34. Ke3 c5 $1 35. Kf3 Ke6 36. Kf4 h6 $19) 28...
c5 29. Ra3 (29. Ra5 $5) 29... Nb1 $5 30. Ra1 (30. Ra5 {or}) (30. Ra6 $142 {
seems preferable:} Rd1 31. Ra8+ Kf7 32. Ra7+ Kg6 33. Ra1 {and it's still not
clear, how Black should make progress.} (33. Kg2 Rd2 (33... Nd2 34. Rd7 Rxf1
35. Rxd2 Rc1 36. Rd7 Rxc4 37. Re7 $11) 34. Re7 Nc3 35. Kg1 Nd1 36. Rxe6+ Kf7
37. Rd6 Rxd6 38. exd6 g6 $11 {/=/+})) 30... Nd2 $1 31. Be2 $2 ({This is
already a serious error, more or less necessary was} 31. Kg2 $8 Nf3 32. Ra6 Kf7
33. Ra7+ Kf8 34. Rc7 Rd1 35. Rc8+ (35. Rxc5 Nd2 36. Be2 Re1 {[%csl Re2]}) 35...
Kf7 36. Rc7+ Kg6 37. Rc6 $1 $132) 31... Nf3+ 32. Bxf3 (32. Kg2 Nxe5 $17 {
gives Black a healthy extra pawn.}) 32... exf3 33. h3 h5 $17 {White had a
slightly unpleasant position, some nine moves later he is on the verge of
losing.} 34. g4 (34. Ra6 Rd1+ 35. Kh2 Rf1 36. Rxe6 Rxf2+ 37. Kg1 (37. Kh1 $2
Rf1+ 38. Kh2 Rc1) 37... Rg2+ 38. Kf1 Kf7 $17) ({With the passive} 34. Ra5 Rd1+
35. Kh2 Rf1 36. Ra2 (36. Rxc5 Rxf2+ 37. Kg1 Rg2+ 38. Kf1 Rxg3 $17) {, White
pins his hopes to stalemate tricks after} 36... g5 (36... Rc1 $5) 37. h4 g4 38.
e4 $17 {However, it's difficult to believe this would save the game, moreover
in time trouble one naturally strives for activity.}) 34... fxg4 35. hxg4 h4 $1
{[%csl Rg1]} 36. Kh2 (36. g5 Kh7 37. Ra6 Rd1+ 38. Kh2 Rf1 39. Rxe6 Rxf2+ 40.
Kh3 Rc2 $19) 36... Rd2 37. Kh3 $6 (37. g5 $1 Rxf2+ 38. Kh3 Kh7 39. Kxh4 Rg2 40.
Rf1 $17 {was the last chance to fight on. Black will have an extra pawn, but
converting it still presents technical problems.}) 37... g5 {Keeps the king
boxed in.} 38. e4 Rd4 $1 (38... Rxf2 $2 39. Ra8+ Kf7 40. Ra7+ Ke8 41. Ra8+ Kd7
42. Ra7+ Kc6 43. Ra6+ Kb7 44. Ra7+ $11 {is too obvious, Carlsen easily avoids
the stalemate trap.}) 39. Ra8+ Kf7 40. Ra3 Rxc4 41. Rxf3+ Ke7 42. Re3 Rd4 43.
f3 c4 $19 {[%csl Gc4,Gh4] Material is still equal, but Black's positional
superiority with 2 strong passed pawns is decisive.} 44. Ra3 ({After} 44. Rc3 {
Black already has a choice:} Kd7 $19 (44... Rd3 $5 45. Rxc4 Rxf3+ $19)) 44...
Rd3 45. Ra7+ Kd8 46. Kg2 c3 47. Ra4 c2 48. Rc4 Rd2+ 49. Kh3 Kd7 50. Rc5 (50.
Rc3 Rf2 $19 {[%cal Rf2f3]}) 50... Rf2 51. f4 Rf3+ (51... gxf4 52. g5 f3 53. g6
Rd2 54. g7 f2 $19 {is more forcing, but Black can already win without any
calculation.}) 52. Kh2 Rxf4 ({White has had enough, the endgame after} 52...
Rxf4 53. Rxc2 Rxe4 $19 ({or} 53... Rxg4 $5 $19 {is completely hopeless.})) 0-1